| 000 -LEADER |
| fixed length control field |
01012cam a2200301 i 4500 |
| 003 - CONTROL NUMBER IDENTIFIER |
| control field |
OSt |
| 005 - DATE AND TIME OF LATEST TRANSACTION |
| control field |
20200309122956.0 |
| 008 - FIXED-LENGTH DATA ELEMENTS--GENERAL INFORMATION |
| fixed length control field |
160822s2015 ii a 000 0aeng |
| 010 ## - LIBRARY OF CONGRESS CONTROL NUMBER |
| LC control number |
2016330803 |
| 020 ## - INTERNATIONAL STANDARD BOOK NUMBER |
| International Standard Book Number |
9789385360626 |
| 025 ## - OVERSEAS ACQUISITION NUMBER |
| Overseas acquisition number |
I-E-2016330803 |
| 037 ## - SOURCE OF ACQUISITION |
| Source of stock number/acquisition |
Library of Congress -- New Delhi Overseas Office |
| 040 ## - CATALOGING SOURCE |
| Original cataloging agency |
DLC |
| Language of cataloging |
eng |
| Transcribing agency |
DLC |
| Description conventions |
rda |
| Modifying agency |
DLC |
| 042 ## - AUTHENTICATION CODE |
| Authentication code |
lcode |
| -- |
pcc |
| 043 ## - GEOGRAPHIC AREA CODE |
| Geographic area code |
a-ii--- |
| 050 00 - LIBRARY OF CONGRESS CALL NUMBER |
| Classification number |
NA1510.D67 |
| Item number |
D67 2015 |
| 082 ## - DEWEY DECIMAL CLASSIFICATION NUMBER |
| Classification number |
720.92 |
| Item number |
DOS |
| 100 1# - MAIN ENTRY--PERSONAL NAME |
| Personal name |
Doshi, Balkrishna V., |
| Relator term |
author. |
| 245 10 - TITLE STATEMENT |
| Title |
Paths uncharted / |
| Statement of responsibility, etc |
Balkrishna Doshi. |
| 300 ## - PHYSICAL DESCRIPTION |
| Extent |
439 pages : |
| Other physical details |
illustrations ; |
| Dimensions |
21 cm |
| 600 10 - SUBJECT ADDED ENTRY--PERSONAL NAME |
| Personal name |
Doshi, Balkrishna V. |
| 650 #0 - SUBJECT ADDED ENTRY--TOPICAL TERM |
| Topical term or geographic name as entry element |
Architects |
| Geographic subdivision |
India |
| Form subdivision |
Biography. |
| 650 #0 - SUBJECT ADDED ENTRY--TOPICAL TERM |
| Topical term or geographic name as entry element |
Architectural drawing |
| Geographic subdivision |
India. |
| 710 2# - ADDED ENTRY--CORPORATE NAME |
| Corporate name or jurisdiction name as entry element |
Vastu-Shilpa Foundation for Studies and Research in Environmental Design, |
| Relator term |
copyright holder, |
| -- |
publisher. |
| 906 ## - LOCAL DATA ELEMENT F, LDF (RLIN) |
| a |
7 |
| b |
cbc |
| c |
origode |
| d |
3 |
| e |
ncip |
| f |
20 |
| g |
y-gencatlg |
| 942 ## - ADDED ENTRY ELEMENTS (KOHA) |
| Source of classification or shelving scheme |
|
| 955 ## - COPY-LEVEL INFORMATION (RLIN) |
| Copy information and material description, CCAL + MDES (RLIN) |
wd41 2017-05-17 to ASME |
| Classification number, CCAL (RLIN) |
cg00 2018-02-14 to ASME/SEASA |